00442nam a2200157Ia 4500003000900000008004100009020001800050040001600068080002800084245006200112260003300174300001500207650001900222650001900241700002400260IN-BaIIA211028s9999 xx 000 0 eng d a0-08-021636-6 cIIA Library a629.19(047.1)bCOS-XVII 0aCOSPAR space researchbvol. XVIIcedited by M. J. Rycroft aOxfordbPergamon Pressc1977 axix, 860p. aNASA Thesaurus aSpace Sciences aRycroft, M. J., ed.